Anatomy and Dissection of the Rat (Record no. 70)
[ view plain ]
| 000 -LEADER | |
|---|---|
| fixed length control field | 00577nam a22002177a 4500 |
| 003 - CONTROL NUMBER IDENTIFIER | |
| control field | OSt |
| 005 - DATE AND TIME OF LATEST TRANSACTION | |
| control field | 20200214131446.0 |
| 008 - FIXED-LENGTH DATA ELEMENTS--GENERAL INFORMATION | |
| fixed length control field | 140701b xxu||||| |||| 00| 0 eng d |
| 020 ## - INTERNATIONAL STANDARD BOOK NUMBER | |
| International Standard Book Number | 0716726351 |
| 040 ## - CATALOGING SOURCE | |
| Transcribing agency | LDC |
| 082 ## - DEWEY DECIMAL CLASSIFICATION NUMBER | |
| Classification number | 599.35 WAL 1997 |
| 100 ## - MAIN ENTRY--PERSONAL NAME | |
| Personal name | Walker F. Warren; Dominique G. Homberger |
| 9 (RLIN) | 212 |
| 245 ## - TITLE STATEMENT | |
| Title | Anatomy and Dissection of the Rat |
| 250 ## - EDITION STATEMENT | |
| Edition statement | 3rd ed. |
| 260 ## - PUBLICATION, DISTRIBUTION, ETC. (IMPRINT) | |
| Place of publication, distribution, etc. | England : |
| Name of publisher, distributor, etc. | W.H FreeMan and company; |
| Date of publication, distribution, etc. | 1997 |
| 300 ## - PHYSICAL DESCRIPTION | |
| Extent | xv, 122 p. : |
| Other physical details | ill |
| Dimensions | 29 |
| 504 ## - BIBLIOGRAPHY, ETC. NOTE | |
| Bibliography, etc | includes index |
| 650 ## - SUBJECT ADDED ENTRY--TOPICAL TERM | |
| Topical term or geographic name as entry element | Anatomy |
| 9 (RLIN) | 124 |
| 650 ## - SUBJECT ADDED ENTRY--TOPICAL TERM | |
| Topical term or geographic name as entry element | Biology |
| 9 (RLIN) | 13657 |
| 942 ## - ADDED ENTRY ELEMENTS (KOHA) | |
| Source of classification or shelving scheme | Other/Generic Classification Scheme |
| Koha item type | Open Shelf |
| Withdrawn status | Lost status | Source of classification or shelving scheme | Damaged status | Not for loan | Home library | Current library | Date acquired | Source of acquisition | Inventory number | Total Checkouts | Full call number | Barcode | Date last seen | Koha item type |
|---|---|---|---|---|---|---|---|---|---|---|---|---|---|---|
| Dewey Decimal Classification | MUST Main Library | MUST Main Library | 01/07/2014 | Purchase | 02/17533 | 599.35 WAL 1997 | 2014-0084 | 01/07/2014 | Open Shelf | |||||
| Dewey Decimal Classification | MUST Main Library | MUST Main Library | 01/07/2014 | Purchase | 02/17525 | 599.35 WAL 1997 | 2014-0085 | 01/07/2014 | Open Shelf | |||||
| Dewey Decimal Classification | MUST Main Library | MUST Main Library | 01/07/2014 | Purchase | 02/17526 | 599.35 WAL 1997 | 2014-0086 | 01/07/2014 | Open Shelf | |||||
| Dewey Decimal Classification | MUST Main Library | MUST Main Library | 01/07/2014 | Purchase | 02/17527 | 599.35 WAL 1997 | 2014-0089 | 01/07/2014 | Open Shelf | |||||
| Dewey Decimal Classification | MUST Main Library | MUST Main Library | 01/07/2014 | Purchase | 00/14778 | 599.35 WAL 1997 | 2014-0090 | 01/07/2014 | Open Shelf | |||||
| Dewey Decimal Classification | MUST Main Library | MUST Main Library | 01/07/2014 | Purchase | 00/14779 | 599.35 WAL 1997 | 2014-0092 | 01/07/2014 | Open Shelf |
